| 000 | 00920nmm a2200277 a 4500 | ||
|---|---|---|---|
| 001 | ocm000608151 | ||
| 003 | TR-IsHL | ||
| 005 | 20201028135731.0 | ||
| 008 | 131209s2011 tu tur | ||
| 007 | cr cn | ||
| 020 | _a9786054429325 | ||
| 035 |
_a608151 _b(N$T) |
||
| 050 | 0 | 4 |
_aBF637 _b.P37 2011 |
| 090 | 0 | 4 |
_aBF637 _b.P37 2011 |
| 100 | 1 | _aParkin, John C. | |
| 245 | 1 | 0 |
_aS*ktir et _h[electronic resource] / _cJohn C. Parkin ; çev. Figen Kılavuz |
| 260 |
_aİstanbul : _bArunas Yayıncılık, _c2011 |
||
| 300 | _a196 p. | ||
| 650 | 4 | _aFelsefe, Psikoloji ve Din | |
| 650 | 4 | _aPhilosophy, Psychology and Religion | |
| 650 | 0 |
_aKendini gerçekleştirme _x Dini açıdan |
|
| 650 | 0 |
_aSelf-realization _x Religious aspects |
|
| 650 | 7 |
_aSELF-HELP / General _2bisacsh |
|
| 700 | 1 | _aKılavuz, Figen | |
| 856 | 4 | 0 | _uhttp://search.ebscohost.com/login.aspx?direct=true&scope=site&db=e011xww&AN=608151 |
| 999 |
_c6904 _d6904 |
||